Welcome to CU Library Online Public Access Catalogue (OPAC)

Classroom Management: (Record no. 5123)

MARC details
000 -LEADER
fixed length control field 00505nam a22001697a 4500
005 - DATE AND TIME OF LATEST TRANSACTION
control field 20250324102739.0
008 - FIXED-LENGTH DATA ELEMENTS--GENERAL INFORMATION
fixed length control field 250324b |||||||| |||| 00| 0 eng d
020 ## - INTERNATIONAL STANDARD BOOK NUMBER
International Standard Book Number 9780023397912
050 ## - LIBRARY OF CONGRESS CALL NUMBER
Classification number LB3013
Item number .F783 FRO
100 ## - MAIN ENTRY--PERSONAL NAME
Personal name Froyen Len A.
245 ## - TITLE STATEMENT
Title Classroom Management:
Remainder of title The Reflective Teacher-Leader/
Statement of responsibility, etc. Len A. Froyen
250 ## - EDITION STATEMENT
Edition statement 2nd Ed.
260 ## - PUBLICATION, DISTRIBUTION, ETC.
Place of publication, distribution, etc. New York
Name of publisher, distributor, etc. Macmillan Publishing Company
Date of publication, distribution, etc. 1993
300 ## - PHYSICAL DESCRIPTION
Extent xxiii. 465p.
Other physical details ill.
Dimensions 21 cm
650 ## - SUBJECT ADDED ENTRY--TOPICAL TERM
Source of heading or term Management
942 ## - ADDED ENTRY ELEMENTS (KOHA)
Source of classification or shelving scheme Library of Congress Classification
Koha item type Books
Edition 2nd Ed.
Suppress in OPAC No
999 ## -
-- 5123
-- 5123
Holdings
Withdrawn status Lost status Source of classification or shelving scheme Damaged status Not for loan Collection Home library Current library Shelving location Date acquired Total checkouts Full call number Barcode Date last seen Copy number Price effective from Koha item type
    Library of Congress Classification     Non-fiction Business Library (Miotso) Business Library (Miotso) General stacks 03/24/2025   LB3013 .F783 FRO BSSM00001552 03/24/2025 1 03/24/2025 Books
© 2023-2024 Copyright: Central University Libraries. All Rights Reserved | Created by: Mahone Tech Office